000 01106nam a22003137a 4500
003 OSt
005 20260121101040.0
008 251025s1982 ua |||fr|||| 00| 0 ara d
040 _a EG-GICUC
_bara
_c EG-GICUC
_d EG-GICUC
_erda
041 _aara
082 0 4 _a341,13
_bم ح . ش
092 0 4 _221
099 _aLaw1 11 341.13 م ح . ش 1982
100 0 _aمحمد السعيد الدقاق.
_eمؤلف.
245 _aشرط المصحلة في دعوى المسئولية عن إنتهاك الشرعية الدولية/
_cمحمد السعيد الدقاق.
264 _c1982.
300 _a87صفحة;
_c24 سم.
336 _2rda content
_atext
337 _2rda media
_aComputer
338 _2rda carrier
_aOnline Resource
504 _a. 240-220 ببليوجرافيا: صفحات.
546 _aالنص باللغة العربية
650 1 _aقانون دولي عام
_2qrmak
650 1 _aالمسئولية الدولية
_2qrmak
651 1 _2qrmak
856 4 0 _uhttps://fll.law.cu.edu.eg/fulltext/bks/B11-01141.pdf
905 _aLogain Ashraf
942 _2ddc
_n0
_cBK
_e21
999 _c37262
_d37262